ABC programátora v jazyce C, C plus

Uložené v:
Podrobná bibliografia
Hlavný autor: Herout, Pavel
Ďalší autori: Rudolf, Vladimír, Šmrha, Pavel
Médium: Kniha
Jazyk:Czech
Vydavateľské údaje: České Budějovice KOPP 1992
Vydanie:1. vyd.
Predmet:
Tagy: Pridať tag
Žiadne tagy, Buďte prvý, kto otaguje tento záznam!

MARC

LEADER 00000nam a2200000 4500
001 c001113
005 20221214091713.5
020 |a 80-901051-2-2 
041 0 |a cze 
044 |a CZ 
245 1 0 |a ABC programátora v jazyce C, C plus  |c Pavel Herout, Vladimír Rudolf, Pavel Šmrha 
250 |a 1. vyd. 
264 1 |a České Budějovice  |b KOPP  |c 1992 
300 |a 283 s. 
610 2 0 |a jazyky programovacie 
610 2 0 |a C 
610 2 0 |a ANSI C 
610 2 0 |a C plus 
610 2 0 |a softvér 
100 1 |a Herout, Pavel 
700 1 |a Rudolf, Vladimír 
700 1 |a Šmrha, Pavel